| 000 | 01138cam a2200229 4500 | ||
|---|---|---|---|
| 001 | ABS66311 | ||
| 008 | 030203n2003 000 0 eng u | ||
| 035 | _a(Sirsi) u121216 | ||
| 100 | _aHemsley, A. | ||
| 245 | _aGet one thing straight | ||
| 260 | _c2003 | ||
| 490 |
_aBuilding _v268(8267) 24 January 2003, 50(1) |
||
| 520 | _aConsiders the payment provisions of the JCT WDC 1998 with Contractors Design. Argues the payment provisions are simple enough until the provisions of the Housing Grants, Construction and Regeneration Act 1996 are considered as they leave a clumsy procedure in their wake. Mentions some points to consider for clarity on this subject including defining how much detail is required from contractors in their applications for payments and the importance of not ignoring a claim that is not being agreed with. | ||
| 590 | _aABS | ||
| 650 | _aJCT STANDARD FORM OF BUILDING CONTRACT (1998 EDITION) | ||
| 650 | _aCONTRACTORS DESIGN | ||
| 650 | _aDESIGN AND BUILD CONTRACT | ||
| 650 | _aPAYMENT PROVISIONS | ||
| 650 | _aPAYMENT RISKS | ||
| 690 | _aBUILT ENVIRONMENT-BUILDING CONTRACT FORMS | ||
| 942 | _n0 | ||
| 999 |
_c72035 _d72035 |
||